000 01050nam a22002537a 4500
008 211004b ||||| |||| 00| 0 eng d
020 _a0896083616
050 _aBR1642.5 .D53 1989
100 _aDiamond, Sara
_950225
245 _aSpiritual warfare
_bthe politics of the Christian right
_c/by Sara, Diamond
260 _aBoston
_bSouth End Press
_cc1989
300 _aix, 292p. ;
_c22cm.
650 _aEvangelicalism
_xControversial literature
_zUnited States
_950226
650 _aFundamentalism
_xControversial literature
_950227
650 _2Pentacostalism
_xControversial literature
_zUnited States
_950228
650 _aChristianity and politics
650 _aConservatism
_xHistory
_y20th Century
_zUnited States
_950229
650 _aPolitics and government
_y1977-1981
_zUnited States
_950230
650 _2Politics and government
_y1981-1989
_zUnited States
_950231
650 _aPolitics and government
_y1989
_zUnited States
_950232
650 _aChurch history
651 _v20th century
_xUnited States
_950233
942 _2lcc
_cMONOGRAPH
999 _c130654
_d130654